00523 2200205 4500001002100000008004100021035002000062245008200082100001800164250000600182260003400188300001100222084001400233082000800247650001400255990001200269990001200281990001200293990001200305INLIS000000000000440 ind  a0010-0424000416 aEnsiklopedia PPKN; Hak Azazi Manusia Dan Kebutuhan Warga NegaracYana Suryana aSuryana, Yana a1 aKlaten :bCempaka Putihc2014 a76 hlm a370 YAN e a370 aNon Fiksi a0722564 a0722565 a0722566 a0722567